000 00501nam a22001577a 4500
082 _a621.12
_bKAL
100 _aKalsoom, Tooba (402917)
_9132351
245 _aDual Vapor Deposited W2N/WC/CNTs Composite as Efficient Electrode Material for Pseudocapacitor Applications /
264 _aIslamabad :
_bUSPCAS-E, NUST
_cJuly, 2025
300 _axv, 59 p.
_e+CD
520 _aTH-637
650 _aMS ESE Thesis
650 _aMS Thesis
_918721
700 _aSupervisor: Dr. Ghulam Ali
942 _2ddc
_cTHE
999 _c615561
_d615561